En el parque (Record no. 28048)

MARC details
000 -LEADER
fixed length control field 00509nam a22001937a 4500
001 - CONTROL NUMBER
control field sjds
003 - CONTROL NUMBER IDENTIFIER
control field sjds
005 - DATE AND TIME OF LATEST TRANSACTION
control field 20230214120140.0
008 - FIXED-LENGTH DATA ELEMENTS--GENERAL INFORMATION
fixed length control field 230214b |||||||| |||| 00| 0 spa d
020 ## - INTERNATIONAL STANDARD BOOK NUMBER
International Standard Book Number 9788476550120
020 ## - INTERNATIONAL STANDARD BOOK NUMBER
International Standard Book Number 847655012X
040 ## - CATALOGING SOURCE
Transcribing agency sjds
041 ## - LANGUAGE CODE
Language code of text/sound track or separate title spa
245 ## - TITLE STATEMENT
Title En el parque
260 ## - PUBLICATION, DISTRIBUTION, ETC. (IMPRINT)
Place of publication, distribution, etc. [Place of publication not identified] :
Name of publisher, distributor, etc. Plaza Joven,
Date of publication, distribution, etc. c1986
300 ## - PHYSICAL DESCRIPTION
Extent 10 unnumbered pages :
Other physical details color illustrations ;
Dimensions 15 cm
440 ## - SERIES STATEMENT/ADDED ENTRY--TITLE
Title Mi primer libro irrompible
942 ## - ADDED ENTRY ELEMENTS (KOHA)
Koha item type Libro/Book
Holdings
Withdrawn status Lost status Damaged status Not for loan Home library Current library Date acquired Inventory number Total Checkouts Full call number Barcode Date last seen Price effective from Koha item type
        San Juan Del Sur -- Mobile San Juan Del Sur -- Mobile 14/02/2023 Inventory date: 1-2-25   JI 30029864 14/02/2023 14/02/2023 Libro/Book

Powered by Koha